=LDR 00000nam 2200000 4500 =001 INLIS000000000016313 =005 20130612111604 =008 ***********************************Ind** =035 ##$$0010-061300000016313 =041 ##$$a Ind =082 ##$$a F Rom K =090 ##$$a F Rom K, Par d =100 ##$$a Parmani, G =245 ##$$a Dari Jonong ke bawi-bawi, G. Parmani =260 ##$$a 2001 $b Bandung =300 ##$$a ...jil., 21 cm =650 ##$$a Fiksi Kanak-kanak =850 ##$$a NBPNMAT